ბათუმის შოთა რუსთაველის სახელმწიფო უნივერსიტეტის ბიბლიოთეკა

დიპლომატია : (ბიბ.ჩანაწერი № 58636)

000 -ლიდერი
ფიქსირებული სიგრძის საკონტროლო ველი 02433nam a22002777a 4500
003 - საკონტროლო ნომრის იდენტიფიკატორი
საკონტროლო ველი Ge_BSU
005 - ბოლო ოპერაციის თარიღი და დრო
საკონტროლო ველი 20220621121423.0
008 - ფიქსირებული სიგრძის მონაცემთა ელემენტები - ზოგადი ინფორმაცია
ფიქსირებული სიგრძის საკონტროლო ველი 220621s2021 ge ||||| |||| 00| 0 geo d
020 ## - წიგნის საერთაშორისო სტანდარტული ნომერი
International Standard Book Number 9789941313561
041 ## - ენის კოდი
Language code of text/sound track or separate title geo
080 ## - უნივერსალური ათობითი კლასიფიკაციის ინდექსი
Universal Decimal Classification number 327(09) კ-55
100 ## - მთავარი ჩანაწერი - პიროვნების სახელი
Personal name კისინჯერი, ჰენრი
9 (RLIN) 12384
245 ## - ცნობა სათაურის შესახებ
Title დიპლომატია :
Remainder of title [საერთაშორისო ურთიერთობების ისტორია] /
Statement of responsibility, etc ჰენრი კისინჯერი ; ინგლისურიდან თარგმნა გიორგი ბადრიძემ ; პროექტის ავტორი ნინო გოგუაძე ; რედაქტორები: ნატო გორდელაძე, სოფო კობიაშვილი ; გარეკანის დიზაინერი თეონა ჭანიშვილი.
264 ## - წარმოების, გამოცემის, დისტრიბუციის და სხვა ცნობები
გამოცემის, წარმოების, დისტრიბუციის... ადგილი თბილისი :
გამოცემის, წარმოების, დისტრიბუციის... სახელწოდება ინტელექტი,
გამოცემის, წარმოების, დისტრიბუციის... თარიღი 2021.
300 ## - ფიზიკური აღწერა
Extent 1184 გვ. ;
Other physical details 24 სმ.
500 ## - ზოგადი შენიშვნა
General note ეძღვნება აშშ-ის დიპლომატიური სამსახურის თანამშრომლებს, რომელთა პროფესიონალიზმი და ერთგულება ასულდგმულებს ამერიკულ დიპლომატიას.
დაფინანსებულია საქართველოში აშშ-ის საელჩოს წიგნების თარგმნის პროგრამის ფარგლებში.
501 ## - შენიშვნა თანმხლებ მასალაზე
With note შენიშვნები: გვ. 1105-1160.
საძიებელი: გვ. 1161-1183.
653 ## - INDEX TERM--UNCONTROLLED
Uncontrolled term დიპლომატია.
653 ## - INDEX TERM--UNCONTROLLED
Uncontrolled term საერთაშორისო ურთიერთობები
700 ## - ADDED ENTRY--PERSONAL NAME
Personal name ბადრიძე, გიორგი
Relator term მთარგმნელი
9 (RLIN) 14163
700 ## - ADDED ENTRY--PERSONAL NAME
Personal name გოგუაძე, ნინო
Relator term პროექტის ავტორი.
9 (RLIN) 14164
700 ## - ADDED ENTRY--PERSONAL NAME
Personal name გორდელაძე, ნატო
Relator term რედაქტორი
9 (RLIN) 14165
700 ## - ADDED ENTRY--PERSONAL NAME
Personal name კობიაშვილი, სოფო
Relator term რედაქტორი.
9 (RLIN) 12385
700 ## - ADDED ENTRY--PERSONAL NAME
Personal name ჭანიშვილი, თეონა
Relator term გარეკანის დიზაინერი
9 (RLIN) 6381
942 ## - ADDED ENTRY ELEMENTS (KOHA)
Source of classification or shelving scheme
Koha item type წიგნი
ეგზემპლარები
ჩამოწერის სტატუსი დაკარგული ეგზემპლარის სტატუსი კლასიფიკაციის წყარო ან თაროზე გაწყობის სქემა დაზიანების სტატუსი არ გაიცემა მუდმივი მდებარეობა (დაცვის ადგილი) ამჟამინდელი ადგილსამყოფელი თაროზე განთავსების ადგილი შეძენის თარიღი ღირებულება, შესყიდვის ნორმალური ფასი სრული შენახვის შიფრი შტრიხკოდი ბოლო ოპერაციის თარიღი ეგზემპლარის მიმდევრობითი ნომერი (კეტერი?) ფასის ძალაში შესვლის თარიღი ეგზემპლარის სახეობა საჯარო შენიშვნა
          ბათუმის შოთა რუსთაველის სახელმწიფო უნივერსიტეტის მთავარი ბიბლიოთეკა ბათუმის შოთა რუსთაველის სახელმწიფო უნივერსიტეტის მთავარი ბიბლიოთეკა წიგნსაცავი 2022-06-21 70.00 327(09) კ-55 62753 2022-06-21 62753 2022-06-21 წიგნი 70 ლ.
          ბათუმის შოთა რუსთაველის სახელმწიფო უნივერსიტეტის მთავარი ბიბლიოთეკა ბათუმის შოთა რუსთაველის სახელმწიფო უნივერსიტეტის მთავარი ბიბლიოთეკა წიგნსაცავი 2022-06-21 70.00 327(09) კ-55 62754 2022-06-21 62754 2022-06-21 წიგნი 70 ლ.
          ბათუმის შოთა რუსთაველის სახელმწიფო უნივერსიტეტის მთავარი ბიბლიოთეკა ბათუმის შოთა რუსთაველის სახელმწიფო უნივერსიტეტის მთავარი ბიბლიოთეკა წიგნსაცავი 2024-07-18 59.00 327(09) კ-55 68775 2024-07-18 68775 2024-07-18 წიგნი 59ლ.95თ.